00806nam a2200241 a 450000100060000000300080000600500170001400800410003103500190007204000270009104100080011808200270012610000410015324500510019426000400024530000330028535000120031850000190033065000430034994200120039299900170040495201430042164892BD-RjUL20211209081351.0170223s1971 ii ab 001 0 eng  a(BD-RjUL)65022 aDLCcDLCdBD-RjULbeng aeng00a954.9104223bMAR 19711 aMascarenhas, Anthony,d1928-919235814aThe rape of Bangla Desh /cAnthony Mascarenhas aDelhi :bVikas Publications,c1971. avi, 168 p. :bill. ;c23 cm. aRs17.50 aIncludes index aHistoryzBangladesh9183265y1947-1971 2ddccBK c64892d64892 00102ddc40718NFICaRUCLbRUCLcReadingd1973-05-15eFirma k. l.g17.56l0o954.9104 MAR 1971r2017-02-23 00:00:00tC-1w2017-02-23yBK